000 00488pab a2200181 454500
008 180718b2014 xxu||||| |||| 00| 0 eng d
100 _aMittal, Shweta
245 _aDoes employee characteristics impact HRD climate? A study in banking sector
260 _c2014
300 _ap.270-279.
362 _aOct
650 _aEmployees
650 _aBanks
650 _aHuman resources development
773 _aIndian Journal of Industrial Relations
908 _aN
909 _a106794
999 _c106789
_d106789